00559nam a2200193Ia 4500008004100000020001200041082001200053100002200065245002300087250000800110260003100118300002800149500000700177600001500184650001500199942000700214952012900221999001500350240925s9999 xx 000 0 und d a2962800 a658 FUL aFulmer ,Robert M. 4aThe New Management a3rd aLondon:bMacmillanc,1982. axxii,761p.bNAfPirated aNA aManagement aManagement cBK 001040708MANaUITUbUITUd2005-04-04eRoyal Book Company g480.85l0o658 FULpQ6192r2024-09-25 07:14:06w2024-09-25yBK c8691d8691